<?xml version="1.0" encoding="UTF-8"?>
<record
    xmlns:xsi="http://www.w3.org/2001/XMLSchema-instance"
    xsi:schemaLocation="http://www.loc.gov/MARC21/slim http://www.loc.gov/standards/marcxml/schema/MARC21slim.xsd"
    xmlns="http://www.loc.gov/MARC21/slim">

  <leader>02390nam a2200301   4500</leader>
  <controlfield tag="001">17684528</controlfield>
  <controlfield tag="005">20150513144710.0</controlfield>
  <controlfield tag="008">000</controlfield>
  <datafield tag="010" ind1=" " ind2=" ">
    <subfield code="a">  2013013650</subfield>
  </datafield>
  <datafield tag="020" ind1=" " ind2=" ">
    <subfield code="a">9780226086507 (paperback : alkaline paper)</subfield>
  </datafield>
  <datafield tag="020" ind1=" " ind2=" ">
    <subfield code="z">9780226086644 (e-book)</subfield>
  </datafield>
  <datafield tag="040" ind1=" " ind2=" ">
    <subfield code="a">UOEL</subfield>
    <subfield code="b">eng</subfield>
    <subfield code="c">ICU</subfield>
    <subfield code="e">rda</subfield>
    <subfield code="d">DLC</subfield>
  </datafield>
  <datafield tag="042" ind1=" " ind2=" ">
    <subfield code="a">pcc</subfield>
  </datafield>
  <datafield tag="050" ind1="0" ind2="0">
    <subfield code="a">LB1570</subfield>
    <subfield code="b">.T94 2013</subfield>
  </datafield>
  <datafield tag="082" ind1="0" ind2="0">
    <subfield code="a">373.2</subfield>
    <subfield code="2">23</subfield>
  </datafield>
  <datafield tag="100" ind1="1" ind2=" ">
    <subfield code="a">Tyler, Ralph W.</subfield>
    <subfield code="q">(Ralph Winfred),</subfield>
    <subfield code="d">1902-1994,</subfield>
    <subfield code="e">author.</subfield>
  </datafield>
  <datafield tag="245" ind1="1" ind2="0">
    <subfield code="a">Basic principles of curriculum and instruction /</subfield>
    <subfield code="c">Ralph W. Tyler ; with a foreword by Peter S. Hlebowitsh.</subfield>
  </datafield>
  <datafield tag="260" ind1=" " ind2=" ">
    <subfield code="a">London ;</subfield>
    <subfield code="b">University of chicago press ,</subfield>
    <subfield code="c">c1949.</subfield>
  </datafield>
  <datafield tag="300" ind1=" " ind2=" ">
    <subfield code="a">xii, 128 pages ;</subfield>
    <subfield code="c">22 cm</subfield>
  </datafield>
  <datafield tag="505" ind1="0" ind2=" ">
    <subfield code="a">What educational purposes should the school seek to attain? -- Studies of the learners themselves as a source of educational objectives -- Studies of contemporary life outside the school -- Suggestions about objectives from subject specialists -- The use of philosophy in selecting objectives -- The use of a psychology of learning in selecting objectives -- Stating objectives in a form to be helpful in selecting learning experiences and in guiding teaching -- How can learning experiences be selected which are likely to be useful in attaining these objectives? -- Meaning of the term "learning experience" -- General principles in selecting learning experiences -- Illustrations of the characteristics of learning experiences useful in attaining various types of objectives -- How can learning experiences be organized for effective instruction? -- What is meant by "organization" -- Criteria for effective organization -- Elements to be organized -- Organizing principles -- The organizing structure -- The process of planning a unit of organization -- How can the effectiveness of learning experiences be evaluated? -- The need for evaluation -- Basic notions regarding evaluation -- Evaluation procedures -- Using the results of evaluation -- Other values and uses of evaluation procedures -- How a school or college staff may work on curriculum building.</subfield>
  </datafield>
  <datafield tag="650" ind1=" " ind2="0">
    <subfield code="a">Education, Secondary</subfield>
    <subfield code="x">Curricula.</subfield>
  </datafield>
  <datafield tag="650" ind1=" " ind2="0">
    <subfield code="a">Education</subfield>
    <subfield code="x">Curricula.</subfield>
  </datafield>
  <datafield tag="650" ind1=" " ind2="0">
    <subfield code="a">Education</subfield>
    <subfield code="x">Aims and objectives.</subfield>
  </datafield>
  <datafield tag="700" ind1="1" ind2=" ">
    <subfield code="a">Hlebowitsh, Peter S.</subfield>
    <subfield code="e">writer of added commentary.</subfield>
  </datafield>
  <datafield tag="906" ind1=" " ind2=" ">
    <subfield code="a">7</subfield>
    <subfield code="b">cbc</subfield>
    <subfield code="c">orignew</subfield>
    <subfield code="d">1</subfield>
    <subfield code="e">ecip</subfield>
    <subfield code="f">20</subfield>
    <subfield code="g">y-gencatlg</subfield>
  </datafield>
  <datafield tag="942" ind1=" " ind2=" ">
    <subfield code="2">lcc</subfield>
    <subfield code="c">LL</subfield>
  </datafield>
  <datafield tag="999" ind1=" " ind2=" ">
    <subfield code="c">7409</subfield>
    <subfield code="d">7409</subfield>
  </datafield>
  <datafield tag="952" ind1=" " ind2=" ">
    <subfield code="0">0</subfield>
    <subfield code="1">0</subfield>
    <subfield code="2">lcc</subfield>
    <subfield code="4">0</subfield>
    <subfield code="7">0</subfield>
    <subfield code="a">UOE</subfield>
    <subfield code="b">UOE</subfield>
    <subfield code="c">GEN</subfield>
    <subfield code="d">2015-05-13</subfield>
    <subfield code="l">0</subfield>
    <subfield code="o">LB1570 .T94 2013</subfield>
    <subfield code="p">10037161</subfield>
    <subfield code="r">2026-04-27 11:47:40</subfield>
    <subfield code="t">10037161</subfield>
    <subfield code="w">2015-05-13</subfield>
    <subfield code="y">LL</subfield>
  </datafield>
  <datafield tag="952" ind1=" " ind2=" ">
    <subfield code="0">0</subfield>
    <subfield code="1">0</subfield>
    <subfield code="2">lcc</subfield>
    <subfield code="4">0</subfield>
    <subfield code="7">0</subfield>
    <subfield code="a">UOE</subfield>
    <subfield code="b">UOE</subfield>
    <subfield code="c">GEN</subfield>
    <subfield code="d">2015-05-20</subfield>
    <subfield code="l">0</subfield>
    <subfield code="o">LB1570 .T94 2013</subfield>
    <subfield code="p">10068128</subfield>
    <subfield code="r">2026-04-27 11:47:39</subfield>
    <subfield code="t">10068128</subfield>
    <subfield code="w">2015-05-20</subfield>
    <subfield code="y">LL</subfield>
  </datafield>
  <datafield tag="952" ind1=" " ind2=" ">
    <subfield code="0">0</subfield>
    <subfield code="1">0</subfield>
    <subfield code="2">lcc</subfield>
    <subfield code="4">0</subfield>
    <subfield code="7">0</subfield>
    <subfield code="a">UOE</subfield>
    <subfield code="b">UOE</subfield>
    <subfield code="c">GEN</subfield>
    <subfield code="d">2015-05-20</subfield>
    <subfield code="l">3</subfield>
    <subfield code="o">LB1570 .T94 2013</subfield>
    <subfield code="p">10037163</subfield>
    <subfield code="r">2026-04-27 11:47:40</subfield>
    <subfield code="s">2026-03-23</subfield>
    <subfield code="t">10037163</subfield>
    <subfield code="w">2015-05-20</subfield>
    <subfield code="y">LL</subfield>
  </datafield>
  <datafield tag="952" ind1=" " ind2=" ">
    <subfield code="0">0</subfield>
    <subfield code="1">0</subfield>
    <subfield code="2">lcc</subfield>
    <subfield code="4">0</subfield>
    <subfield code="7">0</subfield>
    <subfield code="a">UOE</subfield>
    <subfield code="b">UOE</subfield>
    <subfield code="c">SHO</subfield>
    <subfield code="d">2015-08-18</subfield>
    <subfield code="l">0</subfield>
    <subfield code="o">LB1570 .T94 2013</subfield>
    <subfield code="p">20150711</subfield>
    <subfield code="r">2026-04-27 09:27:09</subfield>
    <subfield code="t">20150711</subfield>
    <subfield code="w">2015-08-18</subfield>
    <subfield code="y">SL2</subfield>
  </datafield>
  <datafield tag="952" ind1=" " ind2=" ">
    <subfield code="0">0</subfield>
    <subfield code="1">0</subfield>
    <subfield code="2">lcc</subfield>
    <subfield code="4">0</subfield>
    <subfield code="7">0</subfield>
    <subfield code="a">UOE</subfield>
    <subfield code="b">UOE</subfield>
    <subfield code="c">SHO</subfield>
    <subfield code="d">2015-08-18</subfield>
    <subfield code="l">0</subfield>
    <subfield code="o">LB1570 .T94 2013</subfield>
    <subfield code="p">20150638</subfield>
    <subfield code="r">2026-04-27 09:27:10</subfield>
    <subfield code="t">20150638</subfield>
    <subfield code="w">2015-08-18</subfield>
    <subfield code="y">SL2</subfield>
  </datafield>
  <datafield tag="952" ind1=" " ind2=" ">
    <subfield code="0">0</subfield>
    <subfield code="1">0</subfield>
    <subfield code="2">lcc</subfield>
    <subfield code="4">0</subfield>
    <subfield code="7">0</subfield>
    <subfield code="a">TC</subfield>
    <subfield code="b">TC</subfield>
    <subfield code="c">SHO</subfield>
    <subfield code="d">2017-02-20</subfield>
    <subfield code="l">0</subfield>
    <subfield code="o">LB1570 .T94 2013</subfield>
    <subfield code="p">20150713</subfield>
    <subfield code="r">2017-02-20 00:00:00</subfield>
    <subfield code="t">20150713</subfield>
    <subfield code="w">2017-02-20</subfield>
    <subfield code="y">LL</subfield>
  </datafield>
  <datafield tag="952" ind1=" " ind2=" ">
    <subfield code="0">0</subfield>
    <subfield code="1">0</subfield>
    <subfield code="2">lcc</subfield>
    <subfield code="4">0</subfield>
    <subfield code="7">0</subfield>
    <subfield code="a">TC</subfield>
    <subfield code="b">TC</subfield>
    <subfield code="c">SHO</subfield>
    <subfield code="d">2017-02-20</subfield>
    <subfield code="l">0</subfield>
    <subfield code="o">LB1570 .T94 2013</subfield>
    <subfield code="p">20150712</subfield>
    <subfield code="r">2017-02-20 00:00:00</subfield>
    <subfield code="t">20150712</subfield>
    <subfield code="w">2017-02-20</subfield>
    <subfield code="y">LL</subfield>
  </datafield>
  <datafield tag="952" ind1=" " ind2=" ">
    <subfield code="0">0</subfield>
    <subfield code="1">0</subfield>
    <subfield code="2">lcc</subfield>
    <subfield code="4">0</subfield>
    <subfield code="7">0</subfield>
    <subfield code="a">TC</subfield>
    <subfield code="b">TC</subfield>
    <subfield code="c">SHO</subfield>
    <subfield code="d">2017-02-20</subfield>
    <subfield code="l">0</subfield>
    <subfield code="o">LB1570 .T94 2013</subfield>
    <subfield code="p">20150714</subfield>
    <subfield code="r">2017-02-20 00:00:00</subfield>
    <subfield code="t">20150714</subfield>
    <subfield code="w">2017-02-20</subfield>
    <subfield code="y">LL</subfield>
  </datafield>
</record>
